100 Biggest Cities of Slovenia on a Map - Statistics

General Stats
  • This quiz has been taken 691 times
    583 since last reset
  • The average score is 44 of 100
Answers on the Map
Answers color-coded by a green-red scale on the quiz's map according to % correct below.
 
Answer Stats
Population City % Correct
284,293 Ljubljana
99%
113,004 Maribor
94%
25,913 Koper
89%
37,122 Celje
88%
37,605 Kranj
82%
23,984 Novo mesto
78%
3,802 Piran
75%
5,239 Bled
72%
11,653 Izola
71%
12,892 Nova Gorica
71%
23,509 Ptuj
70%
13,611 Jesenice
68%
25,396 Velenje
66%
10,972 Murska Sobota
65%
3,113 Portorož
65%
9,804 Postojna
62%
13,115 Domžale
61%
13,774 Kamnik
59%
3,282 Ankaran
58%
6,755 Krško
57%
3,280 Kranjska Gora
56%
6,163 Sežana
56%
6,886 Ajdovščina
55%
11,740 Škofja Loka
54%
13,620 Trbovlje
54%
8,901 Vrhnika
54%
4,335 Ilirska Bistrica
52%
2,864 Lendava
51%
6,919 Brežice
50%
8,115 Kočevje
50%
7,314 Slovenj Gradec
50%
26,042 Slovenska Bistrica
50%
5,797 Idrija
49%
9,950 Logatec
48%
3,242 Tolmin
48%
3,283 Laško
47%
5,413 Črnomelj
46%
6,343 Lucija
46%
6,682 Litija
45%
3,089 Dravograd
44%
6,116 Radovljica
44%
3,675 Ribnica
44%
3,227 Metlika
43%
7,501 Grosuplje
42%
4,951 Žalec
42%
11,890 Ormož
41%
5,324 Medvode
40%
3,737 Tržič
40%
6,006 Zagorje ob Savi
40%
8,561 Lenart
39%
3,270 Ljutomer
39%
7,089 Mengeš
39%
7,179 Ravne na Koroškem
39%
5,094 Rogaška Slatina
39%
3,609 Šempeter pri Gorici
39%
3,868 Trebnje
39%
3,671 Žiri
39%
4,035 Cerknica
38%
7,091 Ruše
38%
5,119 Slovenske Konjice
38%
3,900 Trzin
38%
8,367 Šentilj
37%
2,975 Škofljica
37%
2,703 Borovnica
36%
4,802 Hrastnik
35%
4,546 Sevnica
35%
2,924 Šoštanj
35%
3,135 Mežica
34%
4,954 Šentjur
33%
3,009 Zreče
32%
3,127 Gornja Radgona
31%
3,253 Brezovica pri Ljubljani
30%
11,723 Hoče-Slivnica
30%
7,045 Miklavž na Dravskem polju
29%
4,561 Prevalje
29%
7,749 Rače-Fram
29%
3,211 Solkan
29%
2,909 Železniki
29%
2,921 Lesce
28%
7,576 Pesnica
28%
2,892 Radlje ob Dravi
28%
2,684 Benedikt
27%
6,547 Kidričevo
27%
2,958 Lovrenc na Pohorju
26%
3,263 Šenčur
26%
2,714 Bistrica pri Tržiču
25%
3,441 Lavrica
25%
4,022 Markovci
25%
4,131 Oplotnica
25%
4,493 Poljčane
24%
3,873 Hajdina
23%
3,439 Vir
23%
7,015 Duplek
22%
4,026 Majšperk
22%
4,513 Selnica ob Dravi
22%
4,077 Starše
22%
2,880 Dornava
21%
4,180 Gorišnica
20%
4,916 Kungota
20%
5,601 Videm
20%
No matching quizzes found
Score Distribution
Percent of People with Each Score
Percentile by Number Answered
Your Score History
You have not taken this quiz since the last reset